00404nam a2200157Ia 45000010006000000050017000060080041000230410008000640820018000721000031000902450072001212600009001933000028002026500008002306540008002381948320260306172656.0260306t2023||||xx |||||||||||||| ||spa|| aESP a340bP53 V. 3 aPicó i Junoy, Joan,eAUT 0aEstudios sobre el proceso y la justicia :bestudios sobre la prueba c2023 a649 páginas :c24 cm. aGEN aCDE